Statistics for Countries by Borders in 4 minutes

Click here to take the quiz!

General Stats

  • This quiz has been taken 112 times
  • The average score is 154 of 157

Answers on the Map

Answers color-coded by a green-red scale on the quiz's map according to % correct below.
 

Answer Stats

Country% Correct
Albania
100%
Algeria
100%
Argentina
100%
Austria
100%
Belarus
100%
Belgium
100%
Bhutan
100%
Bolivia
100%
Botswana
100%
Brazil
100%
Bulgaria
100%
Canada
100%
Central African
Republic
100%
Chad
100%
Chile
100%
China
100%
Colombia
100%
Croatia
100%
Czech Republic
100%
Egypt
100%
Eritrea
100%
Ethiopia
100%
Finland
100%
France
100%
Germany
100%
Greece
100%
Hungary
100%
India
100%
Iraq
100%
Ireland
100%
Italy
100%
Kazakhstan
100%
Libya
100%
Macedonia
100%
Mali
100%
Mexico
100%
Mongolia
100%
Montenegro
100%
Mozambique
100%
Myanmar
100%
Namibia
100%
Nepal
100%
Niger
100%
North Korea
100%
Norway
100%
Pakistan
100%
Paraguay
100%
Peru
100%
Poland
100%
Russia
100%
Serbia
100%
Slovakia
100%
Slovenia
100%
South Africa
100%
South Sudan
100%
Spain
100%
Sudan
100%
Suriname
100%
Switzerland
100%
Syria
100%
Turkey
100%
Ukraine
100%
United Kingdom
100%
United States
100%
Uruguay
100%
Venezuela
100%
Zimbabwe
100%
Afghanistan
99%
Angola
99%
Armenia
99%
Azerbaijan
99%
Bosnia and
Herzegovina
99%
Burkina Faso
99%
Denmark
99%
D. R. Congo
99%
Ecuador
99%
Estonia
99%
Georgia
99%
Guatemala
99%
Guyana
99%
Indonesia
99%
Iran
99%
Jordan
99%
Kyrgyzstan
99%
Laos
99%
Latvia
99%
Lithuania
99%
Luxembourg
99%
Malaysia
99%
Mauritania
99%
Morocco
99%
Netherlands
99%
Oman
99%
Panama
99%
Portugal
99%
Rep. of the Congo
99%
Romania
99%
Saudi Arabia
99%
Somalia
99%
Sweden
99%
Tajikistan
99%
Tanzania
99%
Thailand
99%
Turkmenistan
99%
United Arab Emirates
99%
Uzbekistan
99%
Yemen
99%
Zambia
99%
Bangladesh
98%
Belize
98%
Benin
98%
Burundi
98%
Cambodia
98%
Cameroon
98%
Costa Rica
98%
Djibouti
98%
Guinea
98%
Ivory Coast
98%
Kenya
98%
Kosovo
98%
Liberia
98%
Nigeria
98%
Papua New Guinea
98%
Qatar
98%
Rwanda
98%
South Korea
98%
Sri Lanka
98%
Swaziland
98%
Tunisia
98%
Uganda
98%
Vietnam
98%
Dominican Republic
97%
Haiti
97%
Kuwait
97%
Lesotho
97%
Malawi
97%
Nicaragua
97%
Senegal
97%
Sierra Leone
97%
El Salvador
96%
Gabon
96%
Ghana
96%
Honduras
96%
Israel
96%
Moldova
96%
Equatorial Guinea
95%
Togo
95%
Andorra
93%
East Timor
93%
Lebanon
93%
Guinea-Bissau
92%
Gambia
91%
Liechtenstein
91%
San Marino
88%
Vatican City
88%
Monaco
82%
Brunei
81%

Score Distribution

Percentile by Number Answered

Percent of People with Each Score

Your Score History

You have not taken this quiz